| 000 | 00421cam a2200181ua 4500 | ||
|---|---|---|---|
| 020 | _c3.00 | ||
| 041 |
_ahin _h |
||
| 082 |
_a891.54 _bKUN/CH |
||
| 100 | _aKunvar, Narayan . | ||
| 245 |
_aChakravyuh / _cKunvar narayan. _hTextual Documents |
||
| 250 |
_a1 / _b. |
||
| 260 |
_aDelhi : _bRajkamal Prakashan , _c1956. |
||
| 300 | _a128 ; . | ||
| 365 | _a3.00 | ||
| 504 | _a | ||
| 942 | _cBK | ||
| 999 |
_c8337 _d8337 |
||